|
|
|
|
| LEADER |
00000cam a2200000 a 4500 |
| 001 |
33555 |
| 003 |
CZ-ZlUTB |
| 005 |
20190826000302.0 |
| 008 |
030924s2004 enka b 001 0 eng |
| 020 |
|
|
|a 1841843873
|q (váz.)
|
| 040 |
|
|
|a CaOKQ
|b eng
|c UKM
|d CaOKQH
|d ZLD002
|
| 072 |
|
7 |
|a 616
|x Patologie. Klinická medicína
|2 Konspekt
|9 14
|
| 080 |
|
|
|a 616.6
|2 MRF
|
| 080 |
|
|
|a 616-77-089.819.5.6
|2 MRF
|
| 245 |
0 |
0 |
|a Stenting the urinary system /
|c edited by Daniel Yachia, Peter J. Paterson
|
| 250 |
|
|
|a 2nd ed.
|
| 260 |
|
|
|a London ;
|a New York :
|b Martin Dunitz,
|c c2004
|
| 300 |
|
|
|a xxi, 586 s. :
|b il.
|
| 504 |
|
|
|a Obsahuje bibliografické odkazy a rejstřík
|
| 650 |
0 |
7 |
|a urologie
|7 ph126949
|2 czenas
|
| 650 |
0 |
7 |
|a stenty
|7 ph291266
|2 czenas
|
| 700 |
1 |
|
|a Yachia, Daniel
|4 edt
|
| 700 |
1 |
|
|a Paterson, Peter J.
|4 edt
|
| 910 |
|
|
|a ZLD002
|
| 952 |
|
|
|0 0
|1 0
|4 0
|6 61STENTING
|7 0
|8 BOOK
|9 77173
|a UTBZL
|b UTBZL
|c 015
|d 2007-10-05
|l 1
|m 2
|o 61/STENTING
|p 420010110856
|q 2028-12-21
|r 2019-08-26 00:00:00
|v 11785.00
|w 2019-08-26
|x N:nákup | 20100930
|y 08
|
| 992 |
|
|
|a BK
|d 1
|
| 999 |
|
|
|c 33555
|d 33555
|